Statistics for Name the Colors on These Horizontal Tricolor Flags

Click here to take the quiz!

General Stats

  • This quiz has been taken 1,807 times
  • The average score is 37 of 45

Answer Stats

CountryColor% Correct
Germany>ooooooooo
99%
Germany>ooooooooo
98%
Germany>ooooooooo
97%
Austria>ooooooooo
95%
Austria>ooooooooo
95%
Russia>ooooooooo
94%
Russia>ooooooooo
94%
Austria>ooooooooo
94%
Russia>ooooooooo
94%
Netherlands>ooooooooo
92%
Netherlands>ooooooooo
92%
Netherlands>ooooooooo
92%
Hungary>ooooooooo
87%
Hungary>ooooooooo
87%
Hungary>ooooooooo
87%
Bulgaria>ooooooooo
84%
Yemen>ooooooooo
84%
Armenia>ooooooooo
84%
Yemen>ooooooooo
84%
Bulgaria>ooooooooo
84%
Bulgaria>ooooooooo
83%
Armenia>ooooooooo
82%
Yemen>ooooooooo
82%
Estonia>ooooooooo
80%
Estonia>ooooooooo
80%
Luxembourg>ooooooooo
80%
Luxembourg>ooooooooo
80%
Estonia>ooooooooo
80%
Luxembourg>ooooooooo
79%
Latvia>ooooooooo
77%
Latvia>ooooooooo
77%
Latvia>ooooooooo
76%
Lithuania>ooooooooo
76%
Lithuania>ooooooooo
74%
Lithuania>ooooooooo
74%
Gabon>ooooooooo
73%
Bolivia>ooooooooo
73%
Bolivia>ooooooooo
72%
Sierra Leone>ooooooooo
71%
Bolivia>ooooooooo
71%
Armenia>ooooooooo
71%
Gabon>ooooooooo
71%
Sierra Leone>ooooooooo
70%
Gabon>ooooooooo
70%
Sierra Leone>ooooooooo
70%

Score Distribution

Percentile by Number Answered

Percent of People with Each Score

Your Score History

You have not taken this quiz